000
00304nam a2200157Ia 4500
100
_a
Kalin/Martin
650
_a
Java
942
_c
BK
366
_f
20
245
_a
Java web services
260
_b
SPD
_c
2009
082
_a
5.133
_b
KAL
300
_a
297
546
_a
ENGLISH
_c
Computers
999
_c
21555
_d
21555